000 00929cam a22002771 4500
001 agr38000509
003 DLC
005 20260227110957.0
008 820209s1938 dcu b 000 0 eng c
010 _aagr38000509
035 _a(OCoLC)8140930
040 _aU.S. Dept. of Agr. Library
_cVi
_dVi
_dOCoLC
_dDLC
042 _apremarc
050 0 0 _aZ5075.U5
_bE227
070 0 _a1.9L61Bi
_bno. 33
086 0 _aA 17.8:no.3
100 1 _aEdwards, Everett Eugene,
_d1900-
245 1 0 _aReferences on American colonial agriculture.
_cBy Everett E. Edwards ...
260 _aWashington, D.C.,
_c1938.
300 _av, 101 p.
_c27 cm.
490 0 _aUnited States. Dept. of Agriculture. Library. Bibliographical contributions
_vno. 33
500 _aMimeographed.
500 _aContribution from Bureau of Agricultural Economics.
650 0 _aAgriculture
_zUnited States
_xHistory
_vBibliography.
740 0 _aColonial agriculture.
999 _c9885
_d9885